<?xml version="1.0" encoding="UTF-8"?>
<record
    xmlns:xsi="http://www.w3.org/2001/XMLSchema-instance"
    xsi:schemaLocation="http://www.loc.gov/MARC21/slim http://www.loc.gov/standards/marcxml/schema/MARC21slim.xsd"
    xmlns="http://www.loc.gov/MARC21/slim">

  <leader>01790cab a2200289Ia 45 0</leader>
  <controlfield tag="001">u210447</controlfield>
  <controlfield tag="003">SIRSI</controlfield>
  <controlfield tag="008">120530s2014    ua     ss b         eng d</controlfield>
  <datafield tag="040" ind1=" " ind2=" ">
    <subfield code="a">EAL</subfield>
  </datafield>
  <datafield tag="041" ind1=" " ind2=" ">
    <subfield code="a">eng</subfield>
    <subfield code="b">ara</subfield>
  </datafield>
  <datafield tag="090" ind1=" " ind2=" ">
    <subfield code="a">ART MJAR V39 No5 12</subfield>
  </datafield>
  <datafield tag="100" ind1="1" ind2=" ">
    <subfield code="a">Elgohary, Fatma M.</subfield>
  </datafield>
  <datafield tag="240" ind1="1" ind2="0">
    <subfield code="a">Minufiya journal of agricultural research, 2014 v. 39 (5)</subfield>
    <subfield code="h">[electronic resource].</subfield>
  </datafield>
  <datafield tag="245" ind1="1" ind2="0">
    <subfield code="a">Improving the efficiency of zinc phosphide bait using potassium tartrate against rodents</subfield>
    <subfield code="h">[electronic resource].</subfield>
  </datafield>
  <datafield tag="246" ind1="1" ind2="5">
    <subfield code="a">&#x62A;&#x62D;&#x633;&#x64A;&#x646; &#x643;&#x641;&#x627;&#x621;&#x629; &#x637;&#x639;&#x645; &#x641;&#x648;&#x633;&#x641;&#x64A;&#x62F; &#x627;&#x644;&#x632;&#x646;&#x643; &#x628;&#x627;&#x633;&#x62A;&#x62E;&#x62F;&#x627;&#x645; &#x637;&#x631;&#x637;&#x631;&#x627;&#x62A; &#x627;&#x644;&#x628;&#x648;&#x62A;&#x627;&#x633;&#x64A;&#x648;&#x645; &#x636;&#x62F; &#x627;&#x644;&#x642;&#x648;&#x627;&#x631;&#x636;.</subfield>
  </datafield>
  <datafield tag="300" ind1=" " ind2=" ">
    <subfield code="a">p.1705-1709.</subfield>
  </datafield>
  <datafield tag="504" ind1=" " ind2=" ">
    <subfield code="a">Includes references.</subfield>
  </datafield>
  <datafield tag="520" ind1=" " ind2=" ">
    <subfield code="a">Laboratory and field trials were conducted to increase the efficiency of zinc phosphide bait against rats using potassium tartrate. Potassium tartrate was tested alone and mixed with zinc phosphide bait using non choice feeding methods against black rats, Rattus rattus. Laboratory results indicated that potassium tartrate at rate 8% when added to 1. 5% zinc phosphide bait enhanced the mortality from 60 to 80%. The field performance was in harmony with laboratory results as potassium tartrate enhanced the population reduction of Norwey rat from 28. 1 to 70.5% when added potassium tartrate. Also, the consumed amount at bait increase to 27. 7g/Fadden comparing with 20g only for zinc phosphide bait alone.</subfield>
  </datafield>
  <datafield tag="546" ind1=" " ind2=" ">
    <subfield code="a">Summary in Arabic.</subfield>
  </datafield>
  <datafield tag="650" ind1=" " ind2="0">
    <subfield code="a">Rodents</subfield>
    <subfield code="x">Control.</subfield>
  </datafield>
  <datafield tag="650" ind1=" " ind2="0">
    <subfield code="a">Potassium.</subfield>
  </datafield>
  <datafield tag="650" ind1=" " ind2="3">
    <subfield code="a">zinc phosphide.</subfield>
  </datafield>
  <datafield tag="700" ind1="1" ind2=" ">
    <subfield code="a">Abdelhady, Eman A.</subfield>
  </datafield>
  <datafield tag="773" ind1="0" ind2=" ">
    <subfield code="t">Minufiya Journal of Agricultural Research. </subfield>
    <subfield code="g">2014. v.39(5)</subfield>
    <subfield code="x">1110-0265</subfield>
    <subfield code="7">nnas</subfield>
    <subfield code="w">u158151</subfield>
  </datafield>
  <datafield tag="856" ind1="4" ind2="0">
    <subfield code="u">http://nile.enal.sci.eg/EALE/2014/MJAR/3914/5/1705.pdf</subfield>
    <subfield code="z">Full Text Article</subfield>
  </datafield>
  <datafield tag="596" ind1=" " ind2=" ">
    <subfield code="a">1</subfield>
  </datafield>
  <datafield tag="942" ind1=" " ind2=" ">
    <subfield code="c">AR</subfield>
    <subfield code="2">lcc</subfield>
  </datafield>
  <datafield tag="999" ind1=" " ind2=" ">
    <subfield code="c">59703</subfield>
    <subfield code="d">59703</subfield>
  </datafield>
</record>
